000
00283nam a22001337a 4500
008
181122b xxu||||| |||| 00| 0 eng d
020
_a
9781603760751
041
_a
eng
080
_a
781
100
_a
45
101
_a
MUZ
245
_a
Verdi's Operas
_c
Aida,L.T
942
_2
udc
_c
BK
999
_c
52334
_d
52334